000
00292nam a22001217a 4500
008
160510b xxu||||| |||| 00| 0 eng d
020
_a
9780072978094
020
_a
0072978090
041
_a
eng
080
_a
611
245
_a
Art notebook human anatomy:
_c
Kenneth S. Saladin;
942
_2
udc
_c
BK
999
_c
1959
_d
1959